Grandezze termodinamiche - Statistics

Statistiche generali
  • Questo quiz è stato fatto 10 volte
  • Il punteggio medio è 3 su 7
Statistiche sulle risposte
Risposta % Corretto
Entalpia
80%
Entropia
80%
Calore
60%
Lavoro
30%
Energia interna
20%
Energia libera di Gibbs
20%
Energia libera di Helmholtz
10%
Nessun quiz corrispondente trovato
Distribuzione punteggi
Percentuale di utenti per punteggio
Percentile per numero di risposta
I tuoi punteggi nel tempo
Non hai fatto questo quiz